| 000 | 00662nam a2200181Ia 4500 | ||
|---|---|---|---|
| 008 | 151018s9999 xx 000 0 und d | ||
| 082 |
_bRBASDV16968 _a891.463 |
||
| 100 | _aविजय पांढरीपांडे | ||
| 245 | _aआकाश माझ्या मुठीत आहे | ||
| 250 | _b1 | ||
| 260 |
_bनेत्रा _c1977 |
||
| 300 | _a96 | ||
| 600 | _aविजय पांढरीपांडे | ||
| 630 | _aआकाश माझ्या मुठीत आहे | ||
| 700 | _aविजय पांढरीपांडे | ||
| 730 | _aआकाश माझ्या मुठीत आहे | ||
| 942 | _cBOOK | ||
| 999 |
_c1017654 _d1017651 |
||